Clubs that have players at 2019 Rugby World Cup - Statistics

General Stats
  • This quiz has been taken 36 times
  • The average score is 9 of 15
Answer Stats
Country Number of players Answer % Correct
Ireland 14 Leinster
91%
England 15 Saracens
91%
Ireland 12 Munster
88%
Scotland 17 Glasgow Warriors
79%
France 10 Toulouse
79%
Italy 16 Benetton
67%
Scotland 12 Edinburgh
67%
France 10 Racing 92
67%
New Zealand 12 Crusaders
64%
Wales 13 Scarlets
61%
Italy 10 Zebre
58%
Argentina 23 Jaguares
55%
Canada 10 Toronto Arrows
33%
Namibia 20 Welwitschias
9%
Russia 10 Krazny Yar
6%
No matching quizzes found
Score Distribution
Percent of People with Each Score
Percentile by Number Answered
Your Score History
You have not taken this quiz